El Servei de Terra Campa i la cerealicultura catalana / per Josep Ma Soler i Coll
Descripción Física:
172 p. : il., una d' elles pleg. ; 25 cm
MARC
| LEADER | 00000nam a2200000Ia 4500 | ||
|---|---|---|---|
| 001 | 9637 | ||
| 008 | 160829s1935 xx 000 0 cat d | ||
| 080 | |a C-1-188 | ||
| 100 | |a Soler i Coll, Josep M. |q (Josep Maria), |d 1893-1971 |9 33471 | ||
| 245 | |a El Servei de Terra Campa i la cerealicultura catalana / per Josep Ma Soler i Coll | ||
| 260 | |a Barcelona : |b Generalitat de Catalunya, Serveis Tècnics d'Agricultura, |c 1935 | ||
| 300 | |a 172 p. : |b il., una d' elles pleg. ; |c 25 cm | ||
| 650 | |a Cereals |x Genètica |9 34564 | ||
| 650 | |a Cereals |x Conreu |x Catalunya |9 30824 | ||
| 710 | 1 | |a Catalunya. |b Serveis Tècnics d'Agricultura |9 54616 | |
| 901 | |a Arxiu | ||
| 942 | |n 1 | ||
| 952 | |0 0 |1 0 |4 0 |6 C1188 |7 1 |9 45538 |a Arxiu |b Arxiu |d 2016-12-01 |l 0 |o C-1-188 |p 9637 |r 2016-12-01 00:00:00 |w 2016-12-01 |y ARXIU | ||
| 999 | |c 48706 |d 48706 | ||